[Event "22nd Capablanca Memorial group B"]
[Site "Camaguey CUB"]
[Date "1987.??.??"]
[Round "7"]
[White "Estevez Morales, Guillermo"]
[Black "Frey Beckman, Kenneth"]
[Result "0-1"]
[WhiteElo "2395"]
[BlackElo "2430"]
[EventDate "1987.05.20"]
[PlyCount "136"]

1.e4 e5 2.Nf3 Nc6 3.Bb5 a6 4.Ba4 Nf6 5.d4 exd4 6.O-O d6 7.Bxc6+ bxc6 8.
Qxd4 Be7 9.Bg5 O-O 10.Nbd2 c5 11.Qd3 Bb7 12.Rfe1 Re8 13.Rad1 a5 14.h3 Nd7 
15.Bxe7 Qxe7 16.Re3 Reb8 17.Qc3 Nb6 18.b3 a4 19.Rde1 axb3 20.axb3 Bc8 21.
Nh2 Be6 22.Rg3 f6 23.f4 Nd7 24.Ndf3 Rb4 25.f5 Bf7 26.Ng4 Kf8 27.Nf2 Rab8 
28.Qe3 c4 29.Nd4 Ne5 30.bxc4 Rxc4 31.c3 Ra4 32.Nd3 c5 33.Nf3 Nxd3 34.Qxd3 
Re8 35.Rd1 Rxe4 36.Qxd6 Qxd6 37.Rxd6 Re3 38.Rd7 Rxc3 39.Rc7 c4 40.Rg4 Rce3
41.Nd4 R3e7 42.Rc5 h5 43.Rf4 Re4 44.Rxe4 Rxe4 45.Ne6+ Bxe6 46.fxe6 Ke7 47.
Rc6 g5 48.Kf2 h4 49.Kf3 f5 50.Kf2 g4 51.hxg4 fxg4 52.g3 h3 53.Kg1 Kf6 54.
Kh2 Ke5 55.e7 Kd4 56.Rc7 c3 57.Kg1 Kd3 58.Rd7+ Ke2 59.Rc7 Kd2 60.Rd7+ Kc1 
61.Rc7 Re1+ 62.Kh2 c2 63.Rd7 Re3 64.Rc7 Kd2 65.Rd7+ Ke2 66.Rc7 Kf3 67.Rc3 
c1=Q 68.Rxc1 Re2+ 0-1

[Event "22nd Capablanca Memorial group B"]
[Site "Camaguey CUB"]
[Date "1987.??.??"]
[Round "7"]
[White "Lebredo Zarragoitia, Gerardo"]
[Black "Matamoros Franco, Carlos"]
[Result "0-1"]
[WhiteElo "2395"]
[BlackElo "2395"]
[EventDate "1987.05.20"]
[PlyCount "64"]

1.d4 Nf6 2.c4 c5 3.d5 b5 4.g3 d6 5.Bg2 bxc4 6.Nf3 g6 7.O-O Bg7 8.Nfd2 O-O 
9.Nxc4 Nbd7 10.Bd2 Nb6 11.Nba3 Rb8 12.Bc3 Ba6 13.Na5 Qd7 14.Re1 Na4 15.Nc6
Nxc3 16.Nxb8 Nxd1 17.Nxd7 Nxd7 18.Raxd1 Bxb2 19.Nb1 Bc4 20.Rd2 Rb8 21.a3 
a5 22.Rc2 Ba6 23.Bh3 Ne5 24.Bf1 Rb3 25.Nd2 Rb7 26.Nb1 Bc4 27.Rd1 Bd4 28.e3
Bb3 29.exd4 Bxc2 30.Rc1 Rxb1 31.Rxc2 Nf3+ 32.Kg2 Ne1+ 0-1

[Event "22nd Capablanca Memorial group B"]
[Site "Camaguey CUB"]
[Date "1987.??.??"]
[Round "7"]
[White "Garcia Martinez, Silvino"]
[Black "Armas, Jorge"]
[Result "0-1"]
[WhiteElo "2455"]
[BlackElo "2455"]
[EventDate "1987.05.20"]
[PlyCount "136"]

1.e4 d5 2.exd5 Nf6 3.c4 c6 4.d4 cxd5 5.Nc3 Nc6 6.Nf3 e6 7.Bd3 dxc4 8.Bxc4 
Be7 9.O-O O-O 10.a3 b6 11.Qd3 Bb7 12.Rd1 Rc8 13.Bb3 Qd6 14.Bg5 h6 15.Bh4 
Nh5 16.d5 Bxh4 17.dxc6 Qxd3 18.Rxd3 Ba6 19.Rd7 Bf6 20.Rxa7 Bxc3 21.bxc3 
Ra8 22.Rxa8 Rxa8 23.Ne5 Nf6 24.f4 Ne4 25.f5 Nc5 26.fxe6 fxe6 27.Bc2 Kf8 
28.Rb1 Ke7 29.Rxb6 Kd6 30.Nd7 Kc7 31.Rb4 Nxd7 32.cxd7 Rf8 33.h3 Rf1+ 34.
Kh2 Kxd7 35.Be4 Kc7 36.Bf3 Rc1 37.Rf4 Kd6 38.Ra4 Bf1 39.Ra7 g6 40.a4 Rxc3 
41.a5 Ra3 42.Ra8 Bc4 43.Bb7 Bd5 44.a6 Ra2 45.Bxd5 Kxd5 46.a7 Ke5 47.Kg3 
Ra3+ 48.Kf2 Ra2+ 49.Kf3 Ra3+ 50.Kg4 Ra4+ 51.Kg3 Ra3+ 52.Kh4 Ra4+ 53.g4 Ra3
54.Rg8 Kf6 55.g5+ hxg5+ 56.Kg4 Ra4+ 57.Kg3 Rxa7 58.Rf8+ Rf7 59.Ra8 Kf5 60.
Ra2 Rh7 61.Rf2+ Ke5 62.Re2+ Kf6 63.Rf2+ Ke7 64.Kg4 Rh4+ 65.Kxg5 Rxh3 66.
Kxg6 Rg3+ 67.Kh5 e5 68.Kh4 Rg1 0-1

[Event "22nd Capablanca Memorial group B"]
[Site "Camaguey CUB"]
[Date "1987.??.??"]
[Round "7"]
[White "Arencibia Rodriguez, Walter"]
[Black "Garcia, Gildardo"]
[Result "1-0"]
[WhiteElo "2420"]
[BlackElo "2440"]
[EventDate "1987.05.20"]
[PlyCount "97"]

1.d4 d5 2.c4 e6 3.Nc3 Nf6 4.Bg5 Be7 5.e3 O-O 6.Nf3 Nbd7 7.Qc2 c6 8.O-O-O 
Re8 9.h4 a6 10.e4 dxe4 11.Nxe4 Nf8 12.c5 Nxe4 13.Qxe4 Qd5 14.Qb1 b6 15.Be3
a5 16.Bd3 Ba6 17.Be4 Qc4+ 18.Qc2 Rec8 19.Qxc4 Bxc4 20.cxb6 Rab8 21.Kb1 
Rxb6 22.Rc1 Bd5 23.Bxd5 exd5 24.Rc2 Ne6 25.g3 Bf6 26.Rd1 g6 27.Rd3 Kf8 28.
Ra3 Rb5 29.Ra4 Ke7 30.Bd2 Kd7 31.Ne5+ Bxe5 32.dxe5 Ra8 33.Rc3 Nc5 34.Rf4 
Ne4 35.Rd3 Rab8 36.Rxe4 Rxb2+ 37.Kc1 Rb1+ 38.Kc2 R8b2+ 39.Kc3 Rxa2 40.Rf4 
a4 41.Rxf7+ Ke6 42.Rc7 Rb6 43.Kd4 Rc2 44.Bc3 Rxf2 45.Kc5 Ra6 46.Bd4 Rf8 
47.Rxc6+ Rxc6+ 48.Kxc6 Ra8 49.Ra3 1-0

[Event "22nd Capablanca Memorial group B"]
[Site "Camaguey CUB"]
[Date "1987.??.??"]
[Round "8"]
[White "Zaichik, Gennady"]
[Black "Diaz Diaz, Joaquin"]
[Result "1-0"]
[WhiteElo "2500"]
[BlackElo "2375"]
[EventDate "1987.05.20"]
[PlyCount "69"]

1.e4 c5 2.Nf3 d6 3.c3 Nf6 4.Be2 g6 5.O-O Bg7 6.Re1 O-O 7.Bf1 Nc6 8.h3 e5 
9.d3 d5 10.Nbd2 b6 11.a3 a5 12.a4 Ba6 13.exd5 Qxd5 14.Qc2 Nh5 15.Nc4 Rab8 
16.Na3 f5 17.Nb5 Rbc8 18.Nd2 Bxb5 19.axb5 Nb8 20.Nc4 Nd7 21.Be2 Nhf6 22.
Bg5 h6 23.Bxf6 Bxf6 24.Rad1 Rc7 25.Bf3 Qe6 26.Qb3 Qf7 27.Qa4 Rd8 28.Bc6 
Qe6 29.f4 Nb8 30.Bf3 e4 31.dxe4 Rxd1 32.Rxd1 fxe4 33.Bg4 Qe7 34.Nxb6 c4 
35.Nd5 1-0

[Event "22nd Capablanca Memorial group B"]
[Site "Camaguey CUB"]
[Date "1987.??.??"]
[Round "8"]
[White "Knezevic, Milorad"]
[Black "Andres Mendez, Miguel"]
[Result "1/2-1/2"]
[WhiteElo "2445"]
[BlackElo "2400"]
[EventDate "1987.05.20"]
[PlyCount "21"]

1.d4 Nf6 2.Nf3 c5 3.c3 Qc7 4.e3 g6 5.Bd3 d5 6.Nbd2 Bg7 7.O-O O-O 8.Ne5 
Nbd7 9.Nxd7 Nxd7 10.f4 Bf6 11.Qe1 1/2-1/2

[Event "22nd Capablanca Memorial group B"]
[Site "Camaguey CUB"]
[Date "1987.??.??"]
[Round "9"]
[White "Andres Mendez, Miguel"]
[Black "Zaichik, Gennady"]
[Result "1-0"]
[WhiteElo "2400"]
[BlackElo "2500"]
[EventDate "1987.05.20"]
[PlyCount "75"]

1.e4 c5 2.Nf3 d6 3.d4 cxd4 4.Qxd4 a6 5.Be3 Nf6 6.Nc3 Nbd7 7.O-O-O e5 8.Qa4
Rb8 9.Qb3 Be7 10.Bc4 O-O 11.Ng5 Qe8 12.a4 Ng4 13.Nd5 Bxg5 14.Bxg5 Nc5 15.
Qf3 Qxa4 16.b3 Qa1+ 17.Kd2 Qd4+ 18.Kc1 Qa1+ 19.Kd2 Qb2 20.Ke1 Qxc2 21.Ne7+
Kh8 22.Nxc8 Rbxc8 23.Qxg4 Nxe4 24.Be3 Nc3 25.Rc1 Qb2 26.Bxf7 Rc6 27.Be6 
Rxf2 28.Bc4 d5 29.Rf1 Rxf1+ 30.Bxf1 h6 31.Qf5 e4 32.Qe5 Kh7 33.Bd2 d4 34.
Qxd4 e3 35.Qxe3 Qxb3 36.Rxc3 Qb1+ 37.Rc1 Qa2 38.Bd3+ 1-0

[Event "22nd Capablanca Memorial group B"]
[Site "Camaguey CUB"]
[Date "1987.??.??"]
[Round "9"]
[White "Estevez Morales, Guillermo"]
[Black "Knezevic, Milorad"]
[Result "1/2-1/2"]
[WhiteElo "2395"]
[BlackElo "2445"]
[EventDate "1987.05.20"]
[PlyCount "34"]

1.e4 e5 2.Nf3 Nc6 3.Bb5 Nf6 4.O-O Nxe4 5.d4 Be7 6.Qe2 Nd6 7.Bxc6 bxc6 8.
dxe5 Nb7 9.Nc3 O-O 10.Re1 Nc5 11.Be3 Ne6 12.Rad1 Rb8 13.b3 Bb4 14.Bd2 d5 
15.Na4 Be7 16.c4 d4 17.c5 d3 1/2-1/2

[Event "22nd Capablanca Memorial group B"]
[Site "Camaguey CUB"]
[Date "1987.??.??"]
[Round "9"]
[White "Lebredo Zarragoitia, Gerardo"]
[Black "Sieiro Gonzalez, Luis"]
[Result "0-1"]
[WhiteElo "2395"]
[BlackElo "2430"]
[EventDate "1987.05.20"]
[PlyCount "82"]

1.Nf3 d5 2.b3 Nf6 3.Bb2 Bf5 4.e3 e6 5.Nc3 Nbd7 6.Ne2 Bd6 7.Ng3 Bg6 8.a3 
O-O 9.d4 Qe7 10.Ne5 c5 11.Bd3 Rac8 12.O-O Bxd3 13.Qxd3 Bxe5 14.dxe5 Ng4 
15.f4 Qh4 16.h3 Ngxe5 17.Bxe5 Qxg3 18.Bd6 Rfe8 19.Rf3 Qg6 20.Qxg6 hxg6 21.
Be5 Nxe5 22.fxe5 b5 23.a4 b4 24.a5 a6 25.h4 Re7 26.g4 c4 27.Ra4 Rb7 28.Rf4
g5 29.hxg5 Kh7 30.Kf2 Kg6 31.Rd4 cxb3 32.cxb3 Rc3 33.Raxb4 Rxb3 34.Rxb3 
Rxb3 35.e4 dxe4 36.Rd6 Kxg5 37.Rxa6 Kxg4 38.Rb6 Ra3 39.a6 Kf4 40.Rb7 Ra2+ 
41.Kf1 f5 0-1

[Event "22nd Capablanca Memorial group B"]
[Site "Camaguey CUB"]
[Date "1987.??.??"]
[Round "9"]
[White "Garcia Martinez, Silvino"]
[Black "Frey Beckman, Kenneth"]
[Result "1-0"]
[WhiteElo "2455"]
[BlackElo "2430"]
[EventDate "1987.05.20"]
[PlyCount "121"]

1.d4 d5 2.c4 dxc4 3.Nf3 Nf6 4.Nc3 c6 5.e4 b5 6.e5 Nd5 7.a4 Bg4 8.axb5 cxb5
9.Nxb5 e6 10.Bd2 Nc6 11.Bxc4 Nb6 12.Be2 Be7 13.O-O O-O 14.Ra6 Qd7 15.Qb3 
Rab8 16.Rfa1 Bxf3 17.Bxf3 Nxd4 18.Nxd4 Qxd4 19.Bc3 Qc4 20.Qxc4 Nxc4 21.Be2
Nb6 22.Rxa7 Nd5 23.Bd4 Rb4 24.R1a4 Rxa4 25.Rxa4 Rb8 26.g3 g6 27.Bf3 Nc7 
28.Bc6 Nb5 29.Be3 Nc7 30.Ra7 Bd8 31.Rb7 Rxb7 32.Bxb7 Be7 33.Bb6 Nd5 34.
Bxd5 exd5 35.Bd4 h5 36.Kf1 Kf8 37.Ke2 Ke8 38.Kd3 Kd7 39.f4 Kc6 40.h3 Kb5 
41.g4 hxg4 42.hxg4 Kc6 43.f5 gxf5 44.gxf5 Bb4 45.Be3 Ba5 46.Bh6 Bb4 47.e6 
fxe6 48.f6 e5 49.f7 e4+ 50.Kd4 Bc5+ 51.Kc3 Kb5 52.f8=Q d4+ 53.Kb3 Bxf8 54.
Bxf8 e3 55.Bh6 Kc5 56.Kc2 Kc4 57.b3+ Kb5 58.Bg5 Kb4 59.Be7+ Kb5 60.Kd3 Ka5
61.Kc4 1-0

[Event "22nd Capablanca Memorial group B"]
[Site "Camaguey CUB"]
[Date "1987.??.??"]
[Round "9"]
[White "Arencibia Rodriguez, Walter"]
[Black "Matamoros Franco, Carlos"]
[Result "1-0"]
[WhiteElo "2420"]
[BlackElo "2395"]
[EventDate "1987.05.20"]
[PlyCount "115"]

1.d4 Nf6 2.c4 c5 3.d5 b5 4.Nf3 Bb7 5.a4 b4 6.Nbd2 g6 7.g3 Bg7 8.Bg2 O-O 9.
O-O e6 10.e4 exd5 11.cxd5 d6 12.Re1 Re8 13.Rb1 Nbd7 14.b3 Ba6 15.Qc2 Ng4 
16.Bf1 Bxf1 17.Kxf1 Qc8 18.Kg2 Qa6 19.Bb2 Bxb2 20.Qxb2 Nge5 21.Nxe5 Nxe5 
22.Qc2 Re7 23.f4 Nd7 24.Nc4 Rae8 25.Re3 Nb6 26.Nxb6 axb6 27.Rbe1 Qb7 28.
Qc4 f6 29.h3 Kg7 30.Kh2 Qc7 31.Qe2 Rc8 32.Rc1 Rce8 33.g4 g5 34.Rf1 gxf4 
35.Rxf4 Re5 36.Ref3 Qe7 37.Qb2 Kg8 38.Kg3 Rxe4 39.Qxf6 Rxf4 40.Rxf4 Qe1+ 
41.Rf2 Qe5+ 42.Kh4 Qxf6+ 43.Rxf6 Re3 44.Rxd6 Rxb3 45.Rxb6 c4 46.Kg5 Kf8 
47.Rb7 Ke8 48.Kf5 c3 49.Ke6 Kf8 50.Rf7+ Kg8 51.Rc7 Rb2 52.d6 Re2+ 53.Kf6 
Rf2+ 54.Kg5 Rd2 55.d7 Rxd7 56.Rxd7 c2 57.Kf6 h6 58.Rg7+ 1-0

[Event "22nd Capablanca Memorial group B"]
[Site "Camaguey CUB"]
[Date "1987.??.??"]
[Round "9"]
[White "Diaz Diaz, Joaquin"]
[Black "Garcia, Gildardo"]
[Result "1-0"]
[WhiteElo "2375"]
[BlackElo "2440"]
[EventDate "1987.05.20"]
[PlyCount "127"]

1.e4 e5 2.Nf3 Nc6 3.Bc4 Nf6 4.d3 d6 5.Ng5 d5 6.exd5 Nd4 7.c3 Nf5 8.O-O 
Nxd5 9.Re1 f6 10.Nf3 Nb6 11.d4 Nxc4 12.Qa4+ Kf7 13.Qxc4+ Be6 14.Qe2 Qd7 
15.dxe5 Bc5 16.Nbd2 Rhe8 17.Ne4 Bb6 18.exf6 gxf6 19.Neg5+ Kg8 20.Nxe6 Ng7 
21.Nc5 Bxc5 22.Qc4+ Ne6 23.Bh6 Rad8 24.Re4 Qd5 25.Qxd5 Rxd5 26.Rae1 Kf7 
27.b4 Bb6 28.c4 Rh5 29.c5 Rxh6 30.cxb6 axb6 31.Nd4 Ng7 32.Nf5 Rg6 33.Rxe8 
Nxe8 34.Re7+ Kf8 35.Rxh7 Rg5 36.Nh6 Ng7 37.Rh8+ Ke7 38.Rb8 Rh5 39.Ng4 Rb5 
40.a3 f5 41.Ne3 Kd7 42.Rh8 Re5 43.Rh7 Re7 44.g3 c6 45.h4 f4 46.gxf4 Ne6 
47.Rxe7+ Kxe7 48.f5 Nd4 49.h5 Kf6 50.h6 Nf3+ 51.Kg2 Ne5 52.Kg3 Nf7 53.Kf4 
Nxh6 54.f3 Nf7 55.Ng4+ Ke7 56.Ne5 Nd6 57.Kg5 Nf7+ 58.Nxf7 Kxf7 59.a4 c5 
60.bxc5 bxc5 61.a5 c4 62.Kf4 Kf6 63.Ke4 c3 64.Kd3 1-0

[Event "22nd Capablanca Memorial group B"]
[Site "Camaguey CUB"]
[Date "1987.??.??"]
[Round "10"]
[White "Zaichik, Gennady"]
[Black "Garcia, Gildardo"]
[Result "1-0"]
[WhiteElo "2500"]
[BlackElo "2440"]
[EventDate "1987.05.20"]
[PlyCount "215"]

1.g3 Nf6 2.Bg2 e5 3.c4 Nc6 4.Nc3 Bb4 5.Nd5 Bc5 6.e3 O-O 7.Ne2 Re8 8.O-O d6
9.d4 Bb6 10.Nxb6 axb6 11.d5 Ne7 12.e4 h6 13.Nc3 Rf8 14.f4 exf4 15.gxf4 Ng6
16.f5 Ne5 17.b3 Qe7 18.h3 Bd7 19.a4 c6 20.Ba3 Rfd8 21.Ra2 c5 22.Bc1 Kh7 
23.Raf2 Rg8 24.Ne2 Nh5 25.Nf4 Ng3 26.Nh5 Nxh5 27.Qxh5 f6 28.Qe2 g5 29.Kh1 
Be8 30.Bf3 Bf7 31.Qe3 Qe8 32.Bd1 Bh5 33.Bc2 Qf8 34.Rg1 Re8 35.Rg3 Re7 36.
Rh2 Qe8 37.Bd2 Qf8 38.Rhg2 Reg7 39.h4 Kh8 40.hxg5 Rxg5 41.Rxg5 fxg5 42.Rh2
Bf3+ 43.Kg1 Bg4 44.Kf2 Qf6 45.Bc3 Kg7 46.Kf1 Kf7 47.Ke1 Re8 48.Kd2 h5 49.
Rg2 Nf3+ 50.Kc1 Qxf5 51.Rf2 Qf4 52.Qxf4+ gxf4 53.Bd1 Ne5 54.Bxg4 Nxg4 55.
Rxf4+ Kg6 56.Kd2 Kg5 57.Rf5+ Kg6 58.Kd3 h4 59.Rf4 Kg5 60.Bd2 Ne5+ 61.Ke2 
Kh5 62.Rf5+ Kg4 63.Rg5+ Kh3 64.Bf4 Re7 65.Bxe5 dxe5 66.Kf3 Rf7+ 67.Rf5 Re7
68.Rg5 Rf7+ 69.Ke3 Re7 70.Rg6 Rh7 71.Rg8 Kh2 72.Rg5 Re7 73.Kf3 Rf7+ 74.Rf5
Re7 75.Kg4 h3 76.Rh5 Kg2 77.Kf5 h2 78.Rg5+ Kf2 79.Rh5 Kg2 80.Kf6 Re8 81.
Rg5+ Kf2 82.Rh5 Kg2 83.d6 h1=Q 84.Rxh1 Kxh1 85.d7 Rd8 86.Ke7 Rh8 87.d8=Q 
Rxd8 88.Kxd8 Kg2 89.Kc7 Kf3 90.Kxb7 Kxe4 91.Kxb6 Kd4 92.a5 e4 93.a6 e3 94.
a7 e2 95.a8=Q e1=Q 96.Qd5+ Kc3 97.Qxc5 Kxb3 98.Qb5+ Kc2 99.c5 Qe3 100.Ka6 
Kc1 101.c6 Qa3+ 102.Kb7 Qf3 103.Qc5+ Kd1 104.Ka7 Qf7+ 105.c7 Qa2+ 106.Kb7 
Qg2+ 107.Kb6 Qg6+ 108.Ka5 1-0

[Event "22nd Capablanca Memorial group B"]
[Site "Camaguey CUB"]
[Date "1987.??.??"]
[Round "10"]
[White "Armas, Jorge"]
[Black "Diaz Diaz, Joaquin"]
[Result "0-1"]
[WhiteElo "2455"]
[BlackElo "2375"]
[EventDate "1987.05.20"]
[PlyCount "84"]

1.d4 d5 2.c4 e6 3.Nc3 Be7 4.Nf3 Nf6 5.Bg5 O-O 6.e3 h6 7.Bxf6 Bxf6 8.Rc1 a6
9.cxd5 exd5 10.Bd3 c6 11.h3 Re8 12.O-O Nd7 13.Re1 Nf8 14.Qb3 Ne6 15.Na4 
Ng5 16.Nxg5 hxg5 17.Be2 Qd6 18.Qd1 Bd8 19.Bg4 f5 20.Bf3 Qh6 21.Nc3 Qd6 22.
Qd3 g6 23.g3 Kg7 24.Bg2 Bd7 25.a3 Bf6 26.Na4 Rad8 27.Nc5 Bc8 28.Qb3 Re7 
29.Nd3 Rde8 30.Kf1 g4 31.h4 g5 32.hxg5 Bxg5 33.Qc3 Rh8 34.Nf4 Ree8 35.Qc5 
Qd8 36.b4 Rh2 37.Qa7 Qd6 38.Qc5 Qh6 39.Qb6 Bd8 40.Qa7 Bc7 41.Bxd5 Bxf4 42.
Rxc6 Qh3+ 0-1

[Event "22nd Capablanca Memorial group B"]
[Site "Camaguey CUB"]
[Date "1987.??.??"]
[Round "10"]
[White "Sieiro Gonzalez, Luis"]
[Black "Garcia Martinez, Silvino"]
[Result "1-0"]
[WhiteElo "2430"]
[BlackElo "2455"]
[EventDate "1987.05.20"]
[PlyCount "43"]

1.d4 Nf6 2.Nf3 g6 3.c3 Bg7 4.Bg5 O-O 5.Nbd2 d5 6.e3 c5 7.dxc5 Qc7 8.b4 e5 
9.Bxf6 Bxf6 10.Nb3 Be6 11.Be2 Nd7 12.Rc1 b6 13.c4 dxc4 14.Bxc4 Bxc4 15.
Rxc4 bxc5 16.O-O Rfd8 17.Qc2 Nb6 18.Rxc5 Qe7 19.Na5 Qe8 20.Nc6 Rdc8 21.Rc1
Nd7 22.Ne7+ 1-0

[Event "22nd Capablanca Memorial group B"]
[Site "Camaguey CUB"]
[Date "1987.??.??"]
[Round "10"]
[White "Knezevic, Milorad"]
[Black "Lebredo Zarragoitia, Gerardo"]
[Result "1-0"]
[WhiteElo "2445"]
[BlackElo "2395"]
[EventDate "1987.05.20"]
[PlyCount "75"]

1.d4 Nf6 2.Nf3 c5 3.d5 d6 4.Nc3 g6 5.e4 Bg7 6.Bb5+ Bd7 7.a4 O-O 8.O-O Bg4 
9.h3 Bxf3 10.Qxf3 a6 11.Bc4 Nbd7 12.Qe2 Ne8 13.a5 Ne5 14.Bb3 b5 15.axb6 
Qxb6 16.Ba4 Qc7 17.f4 Nd7 18.Bc6 Ra7 19.Bd2 Nb8 20.Ba4 Bd4+ 21.Kh2 Nf6 22.
Nd1 Nfd7 23.c3 Bg7 24.Ne3 Nb6 25.Bb3 Rc8 26.Bc4 Nxc4 27.Nxc4 Nd7 28.Na5 
Re8 29.Qd3 Raa8 30.Ra2 e6 31.Rfa1 exd5 32.exd5 Nf6 33.Nc6 Qb7 34.c4 Re4 
35.b4 cxb4 36.Bxb4 Qd7 37.Rxa6 Rxa6 38.Rxa6 1-0

[Event "22nd Capablanca Memorial group B"]
[Site "Camaguey CUB"]
[Date "1987.??.??"]
[Round "10"]
[White "Andres Mendez, Miguel"]
[Black "Estevez Morales, Guillermo"]
[Result "1-0"]
[WhiteElo "2400"]
[BlackElo "2395"]
[EventDate "1987.05.20"]
[PlyCount "78"]

1.e4 c5 2.Nf3 d6 3.d4 cxd4 4.Qxd4 Nc6 5.Bb5 Bd7 6.Bxc6 Bxc6 7.Nc3 Nf6 8.
Bg5 e6 9.O-O-O Be7 10.Rhe1 O-O 11.Kb1 Qc7 12.Qd2 Rfc8 13.Nd4 b5 14.f4 b4 
15.Ncb5 Bxb5 16.Nxb5 Qc5 17.Bxf6 gxf6 18.Nd4 Kh8 19.f5 e5 20.Ne2 a5 21.Ng3
a4 22.Re2 a3 23.b3 Rg8 24.Rc1 Rac8 25.Re3 Bf8 26.Rd3 Rg5 27.c4 Qb6 28.Qe2 
Rg8 29.Rcd1 Be7 30.Nf1 Rg5 31.Ne3 Qc5 32.Rd5 Qa7 33.Rb5 Rb8 34.Nd5 Bd8 35.
Rxb4 Rxb4 36.Nxb4 Qc5 37.Nd5 h5 38.b4 Qa7 39.g3 Bb6 1-0

[Event "22nd Capablanca Memorial group B"]
[Site "Camaguey CUB"]
[Date "1987.??.??"]
[Round "11"]
[White "Estevez Morales, Guillermo"]
[Black "Zaichik, Gennady"]
[Result "1-0"]
[WhiteElo "2395"]
[BlackElo "2500"]
[EventDate "1987.05.20"]
[PlyCount "124"]

1.d4 d6 2.e4 Nf6 3.Nc3 g6 4.Nf3 Bg7 5.h3 O-O 6.Be3 c6 7.a4 a5 8.Be2 Na6 9.
O-O Nb4 10.Nd2 e5 11.dxe5 dxe5 12.Na2 Nxa2 13.Rxa2 Be6 14.Ra1 Qb8 15.c3 
Rd8 16.Qc2 b5 17.axb5 cxb5 18.Nb3 Nxe4 19.Nxa5 Qc7 20.Qxe4 Rxa5 21.Rxa5 
Qxa5 22.Qb7 Bc4 23.b4 Qa8 24.Qxa8 Rxa8 25.Bxc4 bxc4 26.b5 e4 27.b6 Rb8 28.
Rb1 Rb7 29.Rb4 Bxc3 30.Rxc4 Ba5 31.Ra4 Bxb6 32.Rb4 Bxe3 33.Rxb7 Bc5 34.Rb5
Ba7 35.Rb7 Bc5 36.Rb5 Ba7 37.Rb3 Kg7 38.Kf1 Bc5 39.Ke2 f5 40.Rb7+ Kg8 41.
Rb5 Ba7 42.g4 f4 43.Rb7 Bc5 44.Rc7 Bf8 45.Rc4 e3 46.fxe3 fxe3 47.Kxe3 Bg7 
48.Ke4 Bf6 49.Rc7 Bg7 50.Kd5 Bf6 51.Ke6 Bd4 52.Rd7 Bb2 53.g5 Bc1 54.h4 Bb2
55.Rd2 Bc3 56.Rc2 Bd4 57.h5 gxh5 58.Rh2 Bc3 59.Rxh5 Bd4 60.Kf5 Bc3 61.Rh3 
Bd4 62.Rd3 Bb2 1-0

[Event "22nd Capablanca Memorial group B"]
[Site "Camaguey CUB"]
[Date "1987.??.??"]
[Round "11"]
[White "Garcia Martinez, Silvino"]
[Black "Knezevic, Milorad"]
[Result "1/2-1/2"]
[WhiteElo "2455"]
[BlackElo "2445"]
[EventDate "1987.05.20"]
[PlyCount "20"]

1.e4 e5 2.Nf3 Nf6 3.Nxe5 d6 4.Nf3 Nxe4 5.d4 d5 6.Bd3 Bd6 7.O-O O-O 8.Nc3 
Nxc3 9.bxc3 Nd7 10.Re1 c5 1/2-1/2

[Event "22nd Capablanca Memorial group B"]
[Site "Camaguey CUB"]
[Date "1987.??.??"]
[Round "11"]
[White "Arencibia Rodriguez, Walter"]
[Black "Sieiro Gonzalez, Luis"]
[Result "1-0"]
[WhiteElo "2420"]
[BlackElo "2430"]
[EventDate "1987.05.20"]
[PlyCount "115"]

1.d4 Nf6 2.c4 d6 3.Nc3 Bf5 4.g3 c6 5.Bg2 e5 6.e4 exd4 7.Qxd4 Be6 8.Nge2 
Qb6 9.b3 Qxd4 10.Nxd4 Bd7 11.O-O Na6 12.h3 O-O-O 13.Be3 g6 14.Rab1 Bg7 15.
b4 Rhe8 16.Nde2 b6 17.Rfc1 c5 18.a3 Nb8 19.Nf4 g5 20.Nfd5 h6 21.bxc5 dxc5 
22.f4 gxf4 23.gxf4 Nxd5 24.cxd5 Bf5 25.Nb5 Bxe4 26.Bxc5 bxc5 27.Rxc5+ Kb7 
28.Bxe4 Rxe4 29.Rc7+ Kb6 30.Rxf7 Kc5 31.Rxg7 Nd7 32.Nxa7 Nf6 33.Rc7+ Kd6 
34.Rc6+ Ke7 35.Rb7+ Rd7 36.Rxd7+ Nxd7 37.Rxh6 Rxf4 38.Nc6+ Kf8 39.d6 Rc4 
40.Nd8 Nc5 41.Rh8+ Kg7 42.Rh5 Kf6 43.Rd5 Nd7 44.Rd3 Ne5 45.Re3 Rd4 46.Nb7 
Nc4 47.Rb3 Ke6 48.a4 Kd7 49.Rd3 Rxd3 50.Nc5+ Kxd6 51.Nxd3 Kd5 52.h4 Kd4 
53.h5 Ne5 54.h6 Nf3+ 55.Kf2 Ng5 56.a5 Kd5 57.a6 Kc6 58.Nb4+ 1-0

[Event "22nd Capablanca Memorial group B"]
[Site "Camaguey CUB"]
[Date "1987.??.??"]
[Round "12"]
[White "Zaichik, Gennady"]
[Black "Armas, Jorge"]
[Result "1-0"]
[WhiteElo "2500"]
[BlackElo "2455"]
[EventDate "1987.05.20"]
[PlyCount "53"]

1.e4 e5 2.Nf3 Nc6 3.Bc4 Nf6 4.d3 Be7 5.c3 O-O 6.O-O d6 7.Bb3 h6 8.Re1 a6 
9.Nbd2 Re8 10.h3 Bf8 11.d4 b5 12.Nf1 Bd7 13.Ng3 Na5 14.Bc2 c5 15.b3 Nc6 
16.d5 Ne7 17.Be3 Nc8 18.a4 bxa4 19.bxa4 Nb6 20.Nd2 a5 21.f4 exf4 22.Bxf4 
Nh7 23.Nf3 Ng5 24.e5 dxe5 25.Nxg5 g6 26.Nxf7 exf4 27.Nxd8 1-0

[Event "22nd Capablanca Memorial group B"]
[Site "Camaguey CUB"]
[Date "1987.??.??"]
[Round "12"]
[White "Knezevic, Milorad"]
[Black "Arencibia Rodriguez, Walter"]
[Result "1/2-1/2"]
[WhiteElo "2445"]
[BlackElo "2420"]
[EventDate "1987.05.20"]
[PlyCount "25"]

1.d4 Nf6 2.Nf3 e6 3.Bf4 b6 4.e3 Bb7 5.Bd3 Be7 6.h3 O-O 7.O-O c5 8.c3 d6 9.
Bh2 Nbd7 10.Nbd2 Re8 11.Re1 Bf8 12.e4 Rc8 13.a3 1/2-1/2

[Event "22nd Capablanca Memorial group B"]
[Site "Camaguey CUB"]
[Date "1987.??.??"]
[Round "12"]
[White "Andres Mendez, Miguel"]
[Black "Garcia Martinez, Silvino"]
[Result "1/2-1/2"]
[WhiteElo "2400"]
[BlackElo "2455"]
[EventDate "1987.05.20"]
[PlyCount "39"]

1.e4 c5 2.Nf3 e6 3.d4 cxd4 4.Nxd4 Nf6 5.Nc3 d6 6.g3 Nc6 7.Bg2 Bd7 8.O-O a6
9.Re1 Be7 10.Nxc6 Bxc6 11.a4 O-O 12.a5 Qc7 13.Be3 Nd7 14.Na4 Rae8 15.Nb6 
f5 16.Nxd7 Qxd7 17.Qd3 fxe4 18.Bxe4 Bxe4 19.Qxe4 Rf5 20.c3 1/2-1/2

[Event "22nd Capablanca Memorial group B"]
[Site "Camaguey CUB"]
[Date "1987.??.??"]
[Round "13"]
[White "Lebredo Zarragoitia, Gerardo"]
[Black "Zaichik, Gennady"]
[Result "1/2-1/2"]
[WhiteElo "2395"]
[BlackElo "2500"]
[EventDate "1987.05.20"]
[PlyCount "65"]

1.d4 Nf6 2.Nf3 d6 3.Nc3 Bg4 4.e4 c6 5.Be2 Nbd7 6.O-O e6 7.Nd2 Bxe2 8.Qxe2 
Be7 9.a4 O-O 10.a5 a6 11.f4 d5 12.e5 Ne8 13.Nb3 g6 14.Be3 f6 15.exf6 Bxf6 
16.Bf2 Ng7 17.Na4 Qc7 18.g3 Be7 19.Rae1 Rae8 20.Qd2 Bd6 21.Re2 Nf6 22.Nac5
Re7 23.Rfe1 Rfe8 24.Qc3 Bxc5 25.Nxc5 Qc8 26.Qf3 Nd7 27.b4 Qc7 28.Qc3 Nf8 
29.Rf1 Rf7 30.Rfe1 h5 31.Kg2 Rf6 32.Re5 Qf7 33.Qf3 1/2-1/2

[Event "22nd Capablanca Memorial group B"]
[Site "Camaguey CUB"]
[Date "1987.??.??"]
[Round "13"]
[White "Diaz Diaz, Joaquin"]
[Black "Sieiro Gonzalez, Luis"]
[Result "1-0"]
[WhiteElo "2375"]
[BlackElo "2390"]
[EventDate "1987.05.20"]
[PlyCount "47"]

1.e4 c6 2.d4 d5 3.Nc3 dxe4 4.Nxe4 Nd7 5.Bc4 Ngf6 6.Ng5 e6 7.Qe2 Nb6 8.Bd3 
h6 9.N5f3 c5 10.dxc5 Bxc5 11.Ne5 Nbd7 12.Ngf3 Nxe5 13.Nxe5 O-O 14.Bd2 Qd5 
15.O-O-O Qxa2 16.c3 b5 17.Bb1 Qa4 18.Qf3 Nd5 19.Qg3 Kh8 20.Rhe1 Nf6 21.
Bxh6 gxh6 22.Rd8 Ng4 23.Nxf7+ Kg7 24.Re4 1-0

[Event "22nd Capablanca Memorial group B"]
[Site "Camaguey CUB"]
[Date "1987.??.??"]
[Round "13"]
[White "Armas, Jorge"]
[Black "Matamoros Franco, Carlos"]
[Result "1/2-1/2"]
[WhiteElo "2455"]
[BlackElo "2395"]
[EventDate "1987.05.20"]
[PlyCount "20"]

1.d4 e6 2.Nf3 Nf6 3.Bg5 c5 4.e3 Be7 5.Bd3 b6 6.Nbd2 Bb7 7.O-O O-O 8.Qe2 
Nc6 9.c3 cxd4 10.exd4 Nd5 1/2-1/2